01409nam a22002297a 45000010005000000030006000050050017000110080041000280200018000690400029000870820010001161000023001262450044001492500028001932600048002213000048002694900039003175050008003565200775003645210020011395210020011598239FISKH20251114083343.0250904b cb ||||| |||| 00| 0 eng d a9780194646802 aFISKHbengcFISKHdFISKH a428.6 aSpilsbury, Louise  aSunny and raniny /cBy Louise Spilsbury aFirst published in 2012 aOxford : bOxford University Press ,c2012. a40 pages : bcolor illustrations ;c21 cm . aOxford Read and Discover vLevel 2 aJ  aThis exciting new series of non-fiction readers provides interesting and educational content, with activities and project work. The readers are graded at four levels, from 3 to 6, suitable for students from age 8 and older. They can support Content and Language Integrated Learning (CLIL), andcover a broad range of topics, within three curriculum areas:The World of Science and TechnologyThe Natural WorldThe World of Arts and Social StudiesAlso available for each reader:* Activity Book* Audio CD Pack (Reader and Audio CD)* Teacher's Notes and CLIL guidance at www.oup.com/elt/readanddiscoverThe Activity Book includes 16 pages of chapter-linked activities followed by after-reading whole book activities and a book review; focus on content, vocabulary, and grammar. 8 a500 bLexile 8 aJ bRaz-Plus